[Event "HUN-chT2 Breyer 1819"]
[Site "Hungary"]
[Date "2019.03.10"]
[Round "7.7"]
[White "Dibusz, Ferenc"]
[Black "Bognar, Attila"]
[Result "0-1"]
[WhiteElo "2180"]
[BlackElo "1815"]
[PlyCount "138"]
[EventDate "2018.10.28"]
[EventType "team-tourn"]
[EventRounds "9"]
[EventCountry "HUN"]
[SourceTitle "EXT 2021"]
[Source "ChessBase"]
[SourceDate "2020.10.23"]
[SourceVersion "1"]
[SourceVersionDate "2020.10.23"]
[SourceQuality "1"]
[WhiteTeam "Naszaly Geniusz Tata"]
[BlackTeam "Nyergesujfalu"]
[WhiteTeamCountry "HUN"]
[BlackTeamCountry "HUN"]

1. b3 e5 2. Bb2 Nc6 3. e3 d5 4. d4 exd4 5. exd4 Nf6 6. Bd3 Bg4 7. f3 Bh5 8. c3 Bg6 9. Nh3 Bd6 10. 0-0 Bxd3 11. Qxd3 0-0 12. c4 Re8 13. Nd2 Qd7 14. a3 Bf8 15. Rad1 Ne7 16. cxd5 Nexd5 17. Nc4 Qb5 18. Rfe1 Rxe1+ 19. Rxe1 Qa6 20. Ng5 Rd8 21. Kh1 h6 22. Ne4 Qe6 23. Qd2 Qf5 24. Ng3 Qf4 25. Qd3 Bd6 26. Bc1 Qh4 27. Ne5 Nh5 28. Kg1 Nxg3 29. hxg3 Qxg3 30. Re4 g5 31. Ng4 Kg7 32. Kf1 Bf4 33. Ne3 Bxe3 34. Bxe3 Qd6 35. Bc1 Nf6 36. Re2 Qxd4 37. Qb5 Qd1+ 38. Re1 Qd3+ 39. Qxd3 Rxd3 40. b4 Nd5 41. Ke2 Rb3 42. Kd2 f6 43. Re4 a5 44. bxa5 Rb5 45. Ra4 Nf4 46. Rb4 Rd5+ 47. Ke3 Rxa5 48. Rxb7 Kg6 49. g3 Ne6 50. Bb2 h5 51. Rb8 Ng7 52. Rb7 Nf5+ 53. Kf2 Rc5 54. g4 hxg4 55. fxg4 Nd6 56. Rb8 Rc2+ 57. Kf3 Nc4 58. Bd4 Nxa3 59. Rf8 Rc6 60. Ke4 Nb5 61. Bb2 Kg7 62. Rd8 Kf7 63. Rb8 Rb6 64. Rxb6 cxb6 65. Kd5 Nc7+ 66. Kc6 Ne6 67. Kxb6 Nf4 68. Kc6 Nd3 69. Bd4 Ke6 0-1

[Event "HUN-chT2 Breyer 1819"]
[Site "Hungary"]
[Date "2019.01.27"]
[Round "4.9"]
[White "Dibusz, Ferenc"]
[Black "Fekete, Laszlo2222"]
[Result "1-0"]
[WhiteElo "2180"]
[BlackElo "1749"]
[PlyCount "57"]
[EventDate "2018.10.28"]
[EventType "team-tourn"]
[EventRounds "9"]
[EventCountry "HUN"]
[SourceTitle "CBM 189 Extra"]
[Source "ChessBase"]
[SourceDate "2019.06.03"]
[SourceVersion "1"]
[SourceVersionDate "2019.06.03"]
[SourceQuality "1"]
[WhiteTeam "Naszaly Geniusz Tata"]
[BlackTeam "Esztergom"]
[WhiteTeamCountry "HUN"]
[BlackTeamCountry "HUN"]

1. g3 d5 2. Bg2 f5 3. c4 e6 4. d4 Nf6 5. Nf3 Be7 6. 0-0 0-0 7. b3 c6 8. Nc3 Nbd7 9. Ng5 Nb8 10. Nh3 Ne4 11. Qc2 Nxc3 12. Qxc3 Nd7 13. Nf4 Nf6 14. f3 Qe8 15. Bd2 Bd7 16. Rae1 g5 17. Nd3 g4 18. Bh6 Qh5 19. Bxf8 Rxf8 20. Ne5 Be8 21. e4 dxe4 22. fxe4 Bd6 23. exf5 exf5 24. Qe3 Nd7 25. Nxc6 bxc6 26. Qe6+ Kg7 27. Qxd6 Rf6 28. Re7+ Kg8 29. Re6 1-0

[Event "HUN-chT2 Breyer 1516"]
[Site "Hungary"]
[Date "2015.10.18"]
[Round "3.9"]
[White "D Albini, Geza"]
[Black "Dibusz, Ferenc"]
[Result "0-1"]
[WhiteElo "2007"]
[BlackElo "2115"]
[PlyCount "72"]
[EventDate "2015.09.13"]
[EventType "team-tourn"]
[EventRounds "11"]
[EventCountry "HUN"]
[SourceTitle "CBM 170 Extra"]
[Source "ChessBase"]
[SourceDate "2016.02.25"]
[SourceVersion "1"]
[SourceVersionDate "2016.02.25"]
[SourceQuality "1"]
[WhiteTeam "Vizugy"]
[BlackTeam "Naszaly Geniusz Tata"]
[WhiteTeamCountry "HUN"]
[BlackTeamCountry "HUN"]

1. c4 e6 2. d4 d5 3. Nc3 Nf6 4. a3 b6 5. b3 Bb7 6. e3 Nbd7 7. Nf3 Rc8 8. Bb2 c5 9. Be2 Bd6 10. cxd5 exd5 11. 0-0 0-0 12. Qb1 Ne4 13. Nxe4 dxe4 14. Nd2 Qe7 15. Rd1 f5 16. g3 f4 17. Nc4 fxg3 18. hxg3 Bb8 19. Bf1 Rf3 20. Bg2 Rcf8 21. Rd2 Qg5 22. Qe1 Nf6 23. Ne5 cxd4 24. Nxf3 exf3 25. Bh3 Bxg3 26. Rxd4 Be5+ 27. Kh1 Qh5 28. Qf1 Ba6 29. Rc4 Bxb2 30. Ra2 Rd8 31. Kg1 Be5 32. Rac2 Qg6+ 33. Kh1 Bxc4 34. Qxc4+ Kh8 35. Rc1 Qh5 36. Qe6 Ne4 0-1

[Event "Budapest Art Pub Cup 6th"]
[Site "Budapest"]
[Date "2015.01.04"]
[Round "5"]
[White "Erseki, Tamara"]
[Black "Dibusz, Ferenc"]
[Result "0-1"]
[WhiteElo "1844"]
[BlackElo "2133"]
[PlyCount "88"]
[EventDate "2015.01.02"]
[EventType "swiss"]
[EventRounds "6"]
[EventCountry "HUN"]
[SourceTitle "CBM 164 Extra"]
[Source "ChessBase"]
[SourceDate "2015.03.02"]
[SourceVersion "1"]
[SourceVersionDate "2015.03.02"]
[SourceQuality "1"]

1. e4 c5 2. Nf3 e6 3. d4 cxd4 4. Nxd4 Nf6 5. Nc3 Nc6 6. Be2 Bb4 7. f3 d5 8. Bb5 Qb6 9. a3 0-0 10. Bxc6 Bxc3+ 11. bxc3 bxc6 12. e5 Nd7 13. Bf4 Ba6 14. Qd2 Rab8 15. Kf2 Bc4 16. Rhb1 Qa6 17. Kg1 Rb6 18. Qf2 Rxb1+ 19. Rxb1 c5 20. Nb3 Rb8 21. Qh4 Nf8 22. Be3 Bxb3 23. Rxb3 Rxb3 24. cxb3 Qxa3 25. Qe7 d4 26. cxd4 Qxb3 27. Bg5 Qd1+ 28. Kf2 Qxd4+ 29. Be3 Qb2+ 30. Kf1 Qb5+ 31. Kf2 Qb2+ 32. Kf1 Qxe5 33. Bxc5 Qb8 34. Bxa7 Qc8 35. Bc5 Ng6 36. Qd6 h6 37. Bd4 Qc2 38. Bc5 Kh7 39. Qd4 e5 40. Qe3 f5 41. h3 Nf4 42. g3 Qd1+ 43. Kf2 Nd3+ 44. Kg2 Qc2+ 0-1

[Event "HUN-chT2 Breyer 1415"]
[Site "Hungary"]
[Date "2014.09.07"]
[Round "1.5"]
[White "Halak, Miklos"]
[Black "Dibusz, Ferenc"]
[Result "1/2-1/2"]
[WhiteElo "2224"]
[BlackElo "2154"]
[PlyCount "64"]
[EventDate "2014.09.07"]
[EventType "team-tourn"]
[EventRounds "11"]
[EventCountry "HUN"]
[SourceTitle "EXT 2016"]
[Source "ChessBase"]
[SourceDate "2015.10.08"]
[SourceVersion "1"]
[SourceVersionDate "2015.10.08"]
[SourceQuality "1"]
[WhiteTeam "Hobagoly"]
[BlackTeam "Geniusz Tata"]
[WhiteTeamCountry "HUN"]
[BlackTeamCountry "HUN"]

1. e4 c5 2. c3 Nc6 3. d4 cxd4 4. cxd4 d5 5. exd5 Qxd5 6. Nf3 e5 7. Nc3 Bb4 8. Be3 Nge7 9. Be2 0-0 10. 0-0 Bxc3 11. bxc3 exd4 12. Nxd4 Qa5 13. Qb3 Nxd4 14. cxd4 Rd8 15. Rac1 Be6 16. Qxb7 Qxa2 17. Bf3 Nd5 18. Ra1 Qc2 19. Rxa7 Rab8 20. Qa6 Rb1 21. Qe2 Nxe3 22. fxe3 Bc4 23. Qxc4 Qxc4 24. Rxb1 Qc3 25. Re7 Kf8 26. Re5 Re8 27. Rxe8+ Kxe8 28. Rb8+ Ke7 29. Kf2 Qc2+ 30. Be2 g5 31. Rb5 h6 32. Rc5 Qb2 1/2-1/2

[Event "HUN-chT2 Charousek 1314"]
[Site "Hungary"]
[Date "2014.04.27"]
[Round "11"]
[White "Tomasic, Roland"]
[Black "Dibusz, Ferenc"]
[Result "1-0"]
[WhiteElo "2070"]
[BlackElo "2197"]
[PlyCount "73"]
[EventDate "2013.09.08"]
[EventType "team-tourn"]
[EventRounds "11"]
[EventCountry "HUN"]
[SourceTitle "EXT 2016"]
[Source "ChessBase"]
[SourceDate "2015.10.08"]
[SourceVersion "1"]
[SourceVersionDate "2015.10.08"]
[SourceQuality "1"]
[WhiteTeam "Szombathely Haladas II"]
[BlackTeam "Geniusz Tata"]
[WhiteTeamCountry "HUN"]
[BlackTeamCountry "HUN"]

1. e4 c5 2. Nf3 Nc6 3. d4 cxd4 4. Nxd4 g6 5. c4 Bg7 6. Nc2 d6 7. Be2 Nf6 8. Nc3 0-0 9. 0-0 Bd7 10. Bd2 Rc8 11. Rb1 Ne5 12. Ne3 Bc6 13. f3 a6 14. b4 Bd7 15. Qb3 Be6 16. Ncd5 Bxd5 17. Nxd5 Nxd5 18. exd5 b5 19. cxb5 axb5 20. Rfc1 Qd7 21. h3 Qb7 22. Be3 Qa6 23. Rxc8 Rxc8 24. Rc1 Nc4 25. Bf2 e6 26. dxe6 fxe6 27. f4 d5 28. Bg4 h5 29. Be2 Kf7 30. Rd1 Ra8 31. Qg3 Nb2 32. Rc1 Nc4 33. Bd3 e5 34. fxe5 Bxe5 35. Qf3+ Kg7 36. Qxd5 Re8 37. Qd7+ 1-0

[Event "HUN-chT2 Charousek 1213"]
[Site "Hungary"]
[Date "2012.11.04"]
[Round "3"]
[White "Dibusz, Ferenc"]
[Black "Horvath, Tamas3333"]
[Result "1/2-1/2"]
[WhiteElo "2221"]
[BlackElo "2182"]
[PlyCount "28"]
[EventDate "2012.09.16"]
[EventType "team-tourn"]
[EventRounds "11"]
[EventCountry "HUN"]
[SourceTitle "EXT 2014"]
[Source "ChessBase"]
[SourceDate "2013.11.20"]
[SourceVersion "1"]
[SourceVersionDate "2013.11.20"]
[SourceQuality "1"]
[WhiteTeam "Geniusz Tata"]
[BlackTeam "Gyor"]
[WhiteTeamCountry "HUN"]
[BlackTeamCountry "HUN"]

1. d4 Nf6 2. g3 d5 3. Bg2 c6 4. Nf3 Bg4 5. Bf4 e6 6. Nbd2 Bd6 7. Be5 Qe7 8. 0-0 0-0 9. c4 Bxf3 10. Bxd6 Qxd6 11. Bxf3 Nbd7 12. Rc1 Rfd8 13. Re1 Nf8 14. e3 N8d7 1/2-1/2

[Event "HUN-chT2 Breyer 1011"]
[Site "Hungary"]
[Date "2010.10.24"]
[Round "4.3"]
[White "Varga, Vilmos"]
[Black "Dibusz, Ferenc"]
[Result "1/2-1/2"]
[WhiteElo "2115"]
[BlackElo "2197"]
[PlyCount "71"]
[EventDate "2010.09.12"]
[EventType "team-tourn"]
[EventRounds "11"]
[EventCountry "HUN"]
[SourceTitle "EXT 2012"]
[Source "ChessBase"]
[SourceDate "2011.11.24"]
[SourceVersion "1"]
[SourceVersionDate "2011.11.24"]
[SourceQuality "1"]
[WhiteTeam "Zsambek"]
[BlackTeam "Geniusz Tata"]
[WhiteTeamCountry "HUN"]
[BlackTeamCountry "HUN"]

1. e4 c5 2. Nf3 e6 3. d4 cxd4 4. Nxd4 Nf6 5. Nc3 Nc6 6. Ndb5 Bb4 7. a3 Bxc3+ 8. Nxc3 d5 9. exd5 Nxd5 10. Bd2 0-0 11. Bd3 Nxc3 12. Bxc3 Qg5 13. 0-0 e5 14. Qf3 Be6 15. Rfe1 Rad8 16. Qg3 Qxg3 17. hxg3 f6 18. f4 a6 19. fxe5 f5 20. Rad1 g6 21. Be2 Kf7 22. Bf3 Rxd1 23. Rxd1 Rd8 24. Rxd8 Nxd8 25. b3 Nc6 26. Bb4 Ke8 27. c4 Kd7 28. Bc3 b5 29. cxb5 axb5 30. Be2 Bxb3 31. Bxb5 Bd5 32. a4 Ke6 33. Bxc6 Bxc6 34. a5 Bb5 35. Kf2 Kd5 36. Ke3 1/2-1/2

[Event "HUN-chT2 Breyer 1011"]
[Site "Hungary"]
[Date "2010.09.26"]
[Round "2.3"]
[White "Centgraf, Jozsef"]
[Black "Dibusz, Ferenc"]
[Result "0-1"]
[WhiteElo "2296"]
[BlackElo "2197"]
[PlyCount "60"]
[EventDate "2010.09.12"]
[EventType "team-tourn"]
[EventRounds "11"]
[EventCountry "HUN"]
[SourceTitle "EXT 2012"]
[Source "ChessBase"]
[SourceDate "2011.11.24"]
[SourceVersion "1"]
[SourceVersionDate "2011.11.24"]
[SourceQuality "1"]
[WhiteTeam "Sarkany"]
[BlackTeam "Geniusz Tata"]
[WhiteTeamCountry "HUN"]
[BlackTeamCountry "HUN"]

1. Nf3 Nf6 2. d4 d5 3. c4 e6 4. Nc3 c6 5. Bg5 Nbd7 6. cxd5 exd5 7. e3 Bd6 8. Bd3 h6 9. Bh4 0-0 10. Rc1 Re8 11. 0-0 a6 12. Qc2 Qc7 13. Rfe1 g5 14. Bg3 Kg7 15. e4 dxe4 16. Bxe4 Bf4 17. Rcd1 Nf8 18. Bf5 Be6 19. Ne5 Bxg3 20. fxg3 Rad8 21. Rf1 c5 22. Na4 b6 23. Bxe6 Rxe6 24. h4 Rxd4 25. Rxd4 Qxe5 26. Rd3 Ne4 27. Re1 gxh4 28. gxh4 Ng6 29. Rde3 Qd4 30. Nc3 Nf6 0-1